000 00867nam a22001697a 4500
999 _c63774
_d63774
003 Ge_BSU
005 20260112184039.0
008 260112s1978 ge ||||| |||| 00| 0 geo d
041 _ageo
080 _a330.1 პ-55
245 _aპოლიტიკური ეკონომიის ზოგიერთი საკითხი :
_b[წარმოების სოციალისტური წესი] /
_c საქ. სსრ უმაღლ. და საშ. სპეც. განათლ. სამინისტრო.
264 _aთბ. :
_b თბილ. უნ-ტის გამ-ბა,
_c1978.
300 _a321გვ. ;
_b20სმ.
653 _aპოლიტიკური ეკონომია.
653 _aწარმოების სოციალისტური წესი
942 _2udc
_cᲬᲘᲒᲜᲘ